L'Australie pour les touristes... - Statistiques

Statistiques générales
  • Ce quiz a été pris 50 fois
  • Le résultat moyen est 12 sur 20
Statistiques - réponses
Question Indice Réponses % Correct
Quelle est la langue officielle ? Anglais
98%
Dans la capitale y-a-t-il un décalage horaire avec Paris ? (oui/non) Oui
96%
Avez-vous besoin d'un visa ? (oui/non) Non
91%
Le principal aéroport est à S Sydney
89%
Quelles sont les principaux lieux touristiques ? S Sydney
89%
Quelles sont les principaux lieux touristiques ? C Grande barrière de {Corail}
87%
La conduite se fait à droite ou à gauche ? Gauche
85%
Combien d'heures (environ) mettrez-vous pour vous y rendre ? (en chiffres) 22
72%
La vitesse est limitée en ville à {60} km/h
72%
Le suffixe internet est au
70%
Achats à faire 3/ Peintures locales des Aborigènes
57%
Quelle est la monnaie ? Dollar australien
57%
Achats à faire 1/ Arme de chasse aborigène Boomerang
55%
La religion majoritaire est C Catholicisme
49%
Quelles sont les principaux lieux touristiques ? U Uluru
49%
Achats à faire 2/ Instrument à vent Didgeridoo
32%
Comment se nomme la principale compagnie aérienne locale Q Qantas
26%
Quelles sont les principaux lieux touristiques ? K Ile des {Kangourous}
13%
Quel sont les climats locaux ? S Tropical, Equatorial, Désertique, Tempéré et {Subtropical}
9%
Quelles sont les principaux lieux touristiques ? K Parc national de {Kakadu}
4%
Aucun quiz correspondant
Distribution des résultats
% des personnes avec chaque résultat
Percentile par nombre de réponses
Votre historique - résultats
Vous n’avez pas pris ce quiz